| 000 | 00539nam a22001937a 4500 | ||
|---|---|---|---|
| 003 | OSt | ||
| 005 | 20170111150105.0 | ||
| 008 | 170111b xxu||||| |||| 00| 0 eng d | ||
| 020 | _a9781591025740 | ||
| 040 | _cDDC. | ||
| 082 | _a530LAR 2005. | ||
| 100 |
_aLarsen,Kristine; _911382 |
||
| 245 |
_aStephen Hawking; _bA biography. |
||
| 260 |
_aNew York; _bPrometheus Books, _c2005. |
||
| 300 |
_a213p; _bill: _c23cm. |
||
| 504 | _aAppendix,glossary,bibliography and index are included. | ||
| 650 |
_aBiography. _911383 |
||
| 942 |
_2ddc _cO_SHELF |
||
| 999 |
_c5447 _d5447 |
||